000
00373nam a2200133Ia 4500
008
151001s9999||||xx |||||||||||||| ||und||
100
_a
दुर्गा - भागवत
245
_a
बाणाची कादंबरी
250
_a
1
260
_b
वरदा प्रकाशन पुणे
260
_c
1988
300
_a
719
365
_b
21
999
_c
971491
_d
971488